000
00215 a2200097 4500
001
29400
100
_a
Litt
245
_a
Thermal stress and thermal fatigue
260
_a
_b
Butter worth's
_c
090
_c
19613
_d
19613
942
_a
NUST-CAE
_c
M
_c
10684
999
_c
264473
_d
264473